000 00478nam a2200181Ia 4500
001 4822
005 20260306145823.0
008 260306t1990||||xx |||||||||||||| ||spa||
041 _aESP
082 _a330.9
_bB45
100 _aBergman, Roland
_eAUT
245 0 _aEconomía Amazonica:
_bestrategias de subsistencia en las riberas del Ucayali en el Perú
260 _c1990
300 _a209 páginas :
_c24 cm.
650 _aGEN
654 _aCAN
942 _cLIB
_dJUS
_fJUS
_2ddc
_n
999 _c4822
_d4822